| 000 | 00431nam a2200157Ia 4500 | ||
|---|---|---|---|
| 008 | 151021s9999 xx 000 0 und d | ||
| 020 | _a395955378 | ||
| 050 | _aQD 33 .z862 2000 | ||
| 245 | _a_Introductory Chemistry (4th Ed) | ||
| 260 | _aU.s.A houghton Mifflin 2000 | ||
| 300 | _axxiii,607p,;Ill | ||
| 500 | _aIncludes index | ||
| 500 | _aIncludes index | ||
| 650 | _a_chemistry | ||
| 980 | _a^d20120816 01:28:34^okorir | ||
| 999 |
_c12449 _d12449 |
||